| 000 -LEADER |
| fixed length control field |
00519cam a22001457a 4500 |
| 008 - FIXED-LENGTH DATA ELEMENTS--GENERAL INFORMATION |
| fixed length control field |
180718b1965 xxu||||| |||| 00| 0 eng d |
| 082 ## - DEWEY DECIMAL CLASSIFICATION NUMBER |
| Classification number |
T41x54 J663 |
| 100 ## - MAIN ENTRY--PERSONAL NAME |
| Personal name |
Johri, C.K. |
| 245 ## - TITLE STATEMENT |
| Title |
Monetary policy in a developing economy: a study of the policies of the Reserve Bank of India and the effect on the operations of the banking system, 1956-65 |
| Statement of responsibility, etc. |
by C.K. Johri |
| 260 ## - PUBLICATION, DISTRIBUTION, ETC. |
| Place of publication, distribution, etc. |
Calcutta |
| Name of publisher, distributor, etc. |
World Press |
| Date of publication, distribution, etc. |
1965 |
| 300 ## - PHYSICAL DESCRIPTION |
| Extent |
283p. |
| 650 ## - SUBJECT ADDED ENTRY--TOPICAL TERM |
| Topical term or geographic name entry element |
Researve Bank of India |
| 650 ## - SUBJECT ADDED ENTRY--TOPICAL TERM |
| Topical term or geographic name entry element |
Banks - India |
| 650 ## - SUBJECT ADDED ENTRY--TOPICAL TERM |
| Topical term or geographic name entry element |
Money - India |